000 00734nam a2200217 a 4500
999 _c5638
_d5638
001 5638
003 BD-JhCC
005 20171219110817.0
008 171219s1998 bg ||||| |||| 00| 0 ben d
035 _a(BD-JhCC)5638
040 _aBD-JhCC
_dBD-JhCC
041 _aben
082 _a512
_bAHA 1998
100 _aআহাম্মদ, মোঃ সুরুজউদ্দিন
245 _aউচ্চ মাধ্যমিক বীজগণিত ও ত্রিকোণমিতি /
_c মোঃ সুরুজউদ্দিন আহাম্মদ
260 _aঢাকা :
_bআলফা প্রকাশনী,
_c1998.
300 _a235 p. :
_c23 cm.
650 _aAlgebra
942 _2ddc
_cBK